| 000 | 00555nam a2200169 a 4500 | ||
|---|---|---|---|
| 005 | 20230524064030.0 | ||
| 008 | 030710s1936 mx r 000 0 spa d | ||
| 035 | _aUPN01000127464 | ||
| 049 | _aSEP | ||
| 050 | 4 |
_aL227 _bF3 1936 |
|
| 110 | 1 |
_aMéxico. _bSecretaría de Educación Pública |
|
| 245 | 1 | 0 |
_aAuto-crítica del trabajo educacional de 1935-1936 / _cSecretaría de Educación Pública. |
| 260 |
_aMéxico : _bSEP : _bInstituto de Orientación Socialista, _c1936. |
||
| 300 | _a12 p. | ||
| 650 | 7 |
_aMaestros _xApreciación _2 _9739 |
|
| 905 | _aLibro | ||
| 999 |
_c99643 _d99643 |
||